• 首页
  • 本馆介绍
  • 公告通知
  • 最新文献
  • 馆藏检索
  • 电子资源
  • 读者导购
  • 参考咨询
  • 我的图书馆
  • 登录
  • 详细信息显示
  • 放入我的书架
  • 预约/预借图书
  • 作者相关作品
  • 分类相关作品
  • 丛书相关作品
  • 出版社相关作品

书目信息

  • 表格格式
  • 工作单格式
  • 卡片格式
题名:
梦圆在今朝
    
 
作者: 荆德刚 编著
分册:  
出版信息: 石家庄   河北教育出版社  1994
页数: 278页
开本: 20cm
丛书名:
单 册:
中图分类: G473.8
科图分类:
主题词: 毕业分配--教育政策--中国 , 教育政策--毕业分配
电子资源:
ISBN: 7-5434-1399-X
000 00706nam0 2200217 450
001 0729837573
005 20070721170107.22
010    @a7-5434-1399-X@dCNY4.50
100    @a20070710d1994 km y0chiy0120 ea
101 0  @achi
102    @aCN@b130000
200 1  @a梦圆在今朝@Ameng yuan zai jin zhao@e大中专毕业生分配就业必读@f荆德刚编著@Fjing de gang bian zhu
210    @a石家庄@c河北教育出版社@d1994
215    @a278页@d20cm
517 1  @a大中专毕业生分配就业必读@Ada zhong zhuan bi ye sheng fen pei jiu ye bi du
606 0  @a毕业分配@x教育政策@y中国
606 0  @a教育政策@x毕业分配
690    @aG473.8@v3
701  0 @a荆德刚@Ajing de gang@4编著
801  0 @aCN@bPFT@c20070721
905    @a10447@dG473.8@e58
    
    梦圆在今朝:大中专毕业生分配就业必读/荆德刚编著.-石家庄:河北教育出版社,1994
    278页;20cm
    
    
    ISBN 7-5434-1399-X:CNY4.50
    
●
相关链接 在E读中查询图书 在五车中查询图书 在当当中查询图书 在豆瓣中查询图书


正题名:梦圆在今朝     索取号:G473.8/58         预约/预借

序号 登录号 条形码 馆藏地/架位号 状态 备注
1 0768370   207683700   第一样本阅览室/ [索取号:G473.8/58] 在馆    
2 0769738   207697385   第四借阅区/ [索取号:G473.8/58] 在馆    
3 0770470   207704705   密集书库/ [索取号:G473.8/58] 在馆    
唐山师范学院图书馆 欢迎您!
大连网信软件有限公司© 版权所有